000 00542nam a2200181Ia 4500
008 220531s9999 xx 000 0 und d
041 _aeng
082 _bCOS / INS
100 _aInstitute of Cost And Works Accountants of India
_975958
245 _aCost and Management Accounting
250 _a1ST
260 _aKolkata
_bInstitute of Cost And Works Accountants of India
_c2002
300 _a10.53+A1.17
542 _d11-03-2017
650 _aCost and Management Accounting
_975959
906 _d2016-2017
_f10160
999 _c42208
_d42208